Central Library OPAC University of Rajshahi

The migration of birds / (Record no. 12263)

MARC details
000 -LEADER
fixed length control field 00794cam a2200253 a 4500
001 - CONTROL NUMBER
control field 12263
003 - CONTROL NUMBER IDENTIFIER
rucl marc code BD-RjUL
005 - DATE AND TIME OF LATEST TRANSACTION
control field 20211208235250.0
008 - FIXED-LENGTH DATA ELEMENTS--GENERAL INFORMATION
fixed length control field 140128t1929 enk 001 0 eng d
035 ## - SYSTEM CONTROL NUMBER
System control number (BD-RjUL) 12312
System control number (CStRLIN)MIUGAJQ7351-B
040 ## - CATALOGING SOURCE
Transcribing agency SAZTEC
Modifying agency CStRLIN
Original cataloging agency BD-RjUL
Language of cataloging eng
041 ## - LANGUAGE CODE
Language code of text/sound track or separate title eng
082 04 - DEWEY DECIMAL CLASSIFICATION NUMBER
Edition number 16
Classification number 598
Author mark and year COM 1929
100 1# - MAIN ENTRY--PERSONAL NAME
Personal name Coward, T. A.
Fuller form of name (Thomas Alfred),
Dates associated with a name 1867-1933.
9 (RLIN) 38068
245 14 - TITLE STATEMENT
Title The migration of birds /
Statement of responsibility, etc. by T.A. Coward.
250 ## - EDITION STATEMENT
Edition statement 3rd ed.
260 ## - PUBLICATION, DISTRIBUTION, ETC. (IMPRINT)
Place of publication, distribution, etc. Cambridge :
Name of publisher, distributor, etc. University Press,
Date of publication, distribution, etc. 1929.
300 ## - PHYSICAL DESCRIPTION
Pagination x, 137 p., 1 l. :
Illustrations maps ;
Size 17 cm.
504 ## - BIBLIOGRAPHY, ETC. NOTE
Bibliography, etc includes Bibliographical reference and index.
650 #0 - SUBJECT ADDED ENTRY--TOPICAL TERM
Topical term or geographic name as entry element Birds
General subdivision Migration.
9 (RLIN) 38069
830 #0 - SERIES ADDED ENTRY--UNIFORM TITLE
Uniform title Cambridge manuals of science and literature
942 ## - ADDED ENTRY ELEMENTS (KOHA)
Source of classification or shelving scheme Dewey Decimal Classification
Koha item type Books
Holdings
Lost status Source of classification or shelving scheme Damaged status Not for loan Collection code Permanent Location Current Location Shelving location Date acquired Source of acquisition Cost, normal purchase price Total Checkouts Full call number Date last seen Copy number Koha item type
  Dewey Decimal Classification   Not For Loan Non-fiction Central Library, University of Rajshahi Central Library, University of Rajshahi Reading Room 04/03/1964 Zeitlinger 8.60   598 COM 1929 28/01/2014 C-1 Books